Transport of Multiple Escherichia Coli Strains in Saturated Porous Media (Record no. 8364)
[ view plain ]
| 000 -LEADER | |
|---|---|
| fixed length control field | 00446nam a22001457a 4500 |
| 005 - DATE AND TIME OF LATEST TRANSACTION | |
| control field | 20251122181426.0 |
| 008 - FIXED-LENGTH DATA ELEMENTS--GENERAL INFORMATION | |
| fixed length control field | 251122b |||||||| |||| 00| 0 eng d |
| 020 ## - INTERNATIONAL STANDARD BOOK NUMBER | |
| International Standard Book Number | 9780415621045 |
| 050 ## - LIBRARY OF CONGRESS CALL NUMBER | |
| Classification number | TD645 LUT |
| 100 ## - MAIN ENTRY--PERSONAL NAME | |
| Personal name | Lutterodt, George |
| 245 ## - TITLE STATEMENT | |
| Title | Transport of Multiple Escherichia Coli Strains in Saturated Porous Media |
| Statement of responsibility, etc. | George Lutterodt |
| 260 ## - PUBLICATION, DISTRIBUTION, ETC. | |
| Place of publication, distribution, etc. | Netherlands |
| Name of publisher, distributor, etc. | CRC Press/Balkema |
| Date of publication, distribution, etc. | 2012 |
| 300 ## - PHYSICAL DESCRIPTION | |
| Extent | 139p. |
| Other physical details | ill. |
| Dimensions | 24cm |
| 942 ## - ADDED ENTRY ELEMENTS (KOHA) | |
| Source of classification or shelving scheme | Library of Congress Classification |
| Koha item type | Books |
| Suppress in OPAC | No |
| 999 ## - | |
| -- | 8364 |
| -- | 8364 |
| Withdrawn status | Lost status | Source of classification or shelving scheme | Damaged status | Not for loan | Collection | Home library | Current library | Shelving location | Date acquired | Total checkouts | Full call number | Barcode | Date last seen | Copy number | Price effective from | Koha item type |
|---|---|---|---|---|---|---|---|---|---|---|---|---|---|---|---|---|
| Library of Congress Classification | Non-fiction | Science Library (Miotso) | Science Library (Miotso) | General stacks | 11/22/2025 | TD645 LUT | SLM00006107 | 11/22/2025 | 1 | 11/22/2025 | Books | |||||
| Library of Congress Classification | Non-fiction | Science Library (Miotso) | Science Library (Miotso) | General stacks | 11/22/2025 | TD645 LUT | SLM00006108 | 11/22/2025 | 2 | 11/22/2025 | Books | |||||
| Library of Congress Classification | Non-fiction | Science Library (Miotso) | Science Library (Miotso) | General stacks | 11/22/2025 | TD645 LUT | SLM00006109 | 11/22/2025 | 3 | 11/22/2025 | Books | |||||
| Library of Congress Classification | Non-fiction | Science Library (Miotso) | Science Library (Miotso) | General stacks | 11/22/2025 | TD645 LUT | SLM00006110 | 11/22/2025 | 4 | 11/22/2025 | Books | |||||
| Library of Congress Classification | Non-fiction | Science Library (Miotso) | Science Library (Miotso) | General stacks | 11/22/2025 | TD645 LUT | SLM00006111 | 11/22/2025 | 5 | 11/22/2025 | Books |